Advanced engineering mathematics (Record no. 34749)

MARC details
000 -LEADER
fixed length control field 00476nam a22001817a 4500
005 - DATE AND TIME OF LATEST TRANSACTION
control field 20231206114812.0
008 - FIXED-LENGTH DATA ELEMENTS--GENERAL INFORMATION
fixed length control field 231204b |||||||| |||| 00| 0 eng d
082 ## - DEWEY DECIMAL CLASSIFICATION NUMBER
Classification number 510.2462
Item number KRE
100 ## - MAIN ENTRY--AUTHOR
Author Name Kreyszig; Erwan
245 ## - TITLE STATEMENT
Title Advanced engineering mathematics
Statement of responsibility, etc. Kreyszig; Erwan
250 ## - EDITION STATEMENT
Edition statement 10th ed.
260 ## - PUBLICATION, DISTRIBUTION, ETC.
Place of Publication USA
Name of publisher, distributor, etc. 945
300 ## - PHYSICAL DESCRIPTION
Pages 1001
500 ## - GENERAL NOTE
General note Appendix, References, and Index are given.
650 ## - SUBJECT ADDED ENTRY--TOPICAL TERM
Subject / Department Engineering
700 ## - ADDED ENTRY--PERSONAL NAME
Personal name Herbert, Kreyszig
952 ## - LOCATION AND ITEM INFORMATION (KOHA)
-- 0
-- 0
Holdings
Lost status Damaged status Collection code Permanent Location Current Location Shelving Location Date acquired Full Call Number Accession No./Barcode Date last seen item type Koha item type
    Engineering Superior Information Resource Center (SIRC) Superior University- Main Campus Superior Information Resource Center (SIRC) Superior University- Main Campus Engineering 12/04/2023 510.2462 KRE-A 29006 12/04/2023 BOOK BOOK

Powered by Koha